000 00394nam a2200145 i 4500
001 93920
003 ES-MaACL
005 20230906181338.0
007 t|
008 050422s1915 sp ||||1| cat d
100 1 _aLópez-Picó, José María.
_973889
245 1 2 _aL'ofrena
_b: poemes /
_cde José María López-Picó.
260 _aBarcelona :
_b[s.n.],
_c1915.
852 _aES-MaACL
_j1494-F-11
999 _c93920
_d93920